[Event "XV Closed IM BCC 2021"]
[Site "Barcelona"]
[Date "2021.05.05"]
[Round "3.2"]
[White "Lucas, Arthur"]
[Black "Girel, Joseph"]
[Result "1/2-1/2"]
[WhiteElo "2310"]
[BlackElo "2310"]
[Annotator "NA"]
[PlyCount "54"]
[EventDate "2021.05.03"]
[EventType "tourn"]
[EventCountry "ESP"]
[SourceTitle "playchess.com"]
[Source "ChessBase"]
[SourceQuality "1"]
[TimeControl "5400+30"]

1. c4 {[%emt 0:00:00]} Nf6 {[%emt 0:02:59]} 2. g3 {[%emt 0:00:09]} e6 {[%emt 0:00:25]} 3. Bg2 {[%emt 0:00:18]} d5 {[%emt 0:00:13]} 4. Nf3 {[%emt 0:00:25]} Be7 {[%emt 0:00:23]} 5. O-O {[%emt 0:00:15]} O-O {[%emt 0:00:09]} 6. d4 {[%emt 0:00:48]} dxc4 {[%emt 0:00:12]} 7. Qc2 {[%emt 0:00:16]} b5 {[%emt 0:00:38]} 8. a4 {[%emt 0:00:40]} b4 {[%emt 0:00:11]} 9. Nfd2 {[%emt 0:00:27]} Nd5 {[%emt 0:00:22]} 10. Nxc4 {[%emt 0:01:07]} c5 {[%emt 0:00:20]} 11. dxc5 {[%emt 0:00:28]} Ba6 {[%emt 0:00:21]} 12. Ne3 {[%emt 0:00:46]} Nd7 {[%emt 0:01:32]} 13. Nxd5 {[%emt 0:01:08]} exd5 {[%emt 0:00:12]} 14. c6 {[%emt 0:00:16]} Rc8 {[%emt 0:00:42]} 15. Bf4 {[%emt 0:01:16]} Nc5 {[%emt 0:02:11]} 16. Rd1 {[%emt 0:02:31]} d4 {[%emt 0:00:33]} 17. Be5 {[%emt 0:08:11]} d3 {[%emt 0:15:04]} 18. exd3 {[%emt 0:00:08]} Bxd3 {[%emt 0:00:38]} 19. Qd2 {[%emt 0:01:06]} Qa5 {[%emt 0:11:48]} 20. Nc3 {[%emt 0:40:43]} bxc3 {[%emt 0:03:17]} 21. Bxc3 {[%emt 0:00:09]} Qa6 {[%emt 0:04:44]} 22. Qe3 {[%emt 0:12:29]} Rfe8 {[%emt 0:04:20]} 23. b4 {[%emt 0:07:44]} Bf8 {[%emt 0:01:23]} 24. Qf4 {[%emt 0:08:31]} Nxa4 {[%emt 0:14:03]} 25. Rxa4 {[%emt 0:04:24]} Qxa4 {[%emt 0:00:11]} 26. Rxd3 {[%emt 0:00:10]} Rxc6 {[%emt 0:02:27]} 27. Bxc6 {[%emt 0:02:16]} Qxc6 {[%emt 0:00:09]} 1/2-1/2

[Event "XV Closed IM BCC 2021"]
[Site "Barcelona"]
[Date "2021.05.05"]
[Round "3.3"]
[White "Papadiamandis, Elliot"]
[Black "Perez Mitjans, Orelvis"]
[Result "1/2-1/2"]
[WhiteElo "2292"]
[BlackElo "2412"]
[Annotator "NA"]
[PlyCount "50"]
[EventDate "2021.05.03"]
[EventType "tourn"]
[EventCountry "ESP"]
[SourceTitle "playchess.com"]
[Source "ChessBase"]
[SourceQuality "1"]
[TimeControl "5400+30"]

1. e4 {[%emt 0:00:00]} c5 {[%emt 0:06:08]} 2. Nf3 {[%emt 0:00:00]} e6 {[%emt 0:00:07]} 3. d4 {[%emt 0:00:14]} cxd4 {[%emt 0:00:06]} 4. Nxd4 {[%emt 0:00:30]} a6 {[%emt 0:00:07]} 5. Be2 {[%emt 0:00:57]} Nf6 {[%emt 0:00:07]} 6. Nc3 {[%emt 0:00:30]} Qc7 {[%emt 0:00:11]} 7. O-O {[%emt 0:00:38]} Be7 {[%emt 0:00:20]} 8. Be3 {[%emt 0:05:51]} O-O {[%emt 0:00:21]} 9. f4 {[%emt 0:02:01]} d6 {[%emt 0:00:06]} 10. Bf3 {[%emt 0:01:22]} Nc6 {[%emt 0:02:20]} 11. Nb3 {[%emt 0:09:58]} b5 {[%emt 0:23:06]} 12. Qd2 {[%emt 0:13:11]} Bb7 {[%emt 0:15:14]} 13. Rae1 {[%emt 0:04:46]} Rac8 {[%emt 0:01:43]} 14. Kh1 {[%emt 0:18:10]} Nd7 {[%emt 0:07:55]} 15. Qf2 {[%emt 0:05:28]} Na5 {[%emt 0:04:32]} 16. Nxa5 {[%emt 0:01:30]} Qxa5 {[%emt 0:00:05]} 17. a3 {[%emt 0:01:25]} b4 {[%emt 0:00:48]} 18. axb4 {[%emt 0:01:05]} Qxb4 {[%emt 0:00:09]} 19. Bd4 {[%emt 0:05:51]} e5 {[%emt 0:08:48]} 20. Nd5 {[%emt 0:06:24]} Bxd5 {[%emt 0:01:48]} 21. Bc3 {[%emt 0:00:25]} Qb5 {[%emt 0:07:45]} 22. exd5 {[%emt 0:00:59]} Bf6 {[%emt 0:02:58]} 23. Be2 {[%emt 0:05:17]} Qxd5 {[%emt 0:06:42]} 24. Bxa6 {[%emt 0:01:19]} Rc7 {[%emt 0:00:21]} 25. Bd3 {[%emt 0:04:35]} Nc5 1/2-1/2

[Event "XV Closed IM BCC 2021"]
[Site "Barcelona"]
[Date "2021.05.05"]
[Round "3.4"]
[White "Alcala Gonzalez, Cesar"]
[Black "Valenzuela Gomez, Fernando"]
[Result "0-1"]
[WhiteElo "2110"]
[BlackElo "2382"]
[Annotator "TA"]
[PlyCount "68"]
[EventDate "2021.05.03"]
[EventType "tourn"]
[EventCountry "ESP"]
[SourceTitle "playchess.com"]
[Source "ChessBase"]
[SourceQuality "1"]

{[%evp 20,68,37,31,39,45,37,39,65,31,32,22,35,-48,-4,0,0,-80,-99,-99,-93,-462,-458,-537,-358,-372,-356,-342,-288,-644,-458,-877,-864,-948,-929,-867,-445,-427,-439,-1148,-1143,-1682,-969,-969,-956,-956,-947,-1032,-993,-977,-956]} 1. d4 Nf6 2. c4 g6 3. Nc3 Bg7 4. e4 d6 5. f3 O-O 6. Be3 c5 7. Nge2 Nc6 8. d5 Ne5 9. Ng3 e6 10. Be2 exd5 11. cxd5 h5 {A65: Modern Benoni: 6 e4.} 12. O-O h4 13. Nh1 h3 {White is slightly better.} 14. g4 b5 $1 15. Nxb5 Rb8 $1 16. Rb1 {[#]} (16. Bc1 $14) 16... Nxf3+ $146 ({Predecessor:} 16... Nfxg4 17. fxg4 Rxb5 18. Bxb5 Nxg4 19. Bf2 f5 20. Be2 Nxf2 21. Nxf2 Qg5+ 22. Ng4 fxg4 23. Rxf8+ Bxf8 {0-1 (30) Suvorov,L (2279)-Kaasen,T (2386) Chess.com INT 2020}) 17. Rxf3 Nxg4 18. Nf2 ({Don't play} 18. Rxh3 Nxe3 19. Rxe3 a6 $17) (18. Bf2 $11 Qe7 19. Rg3 (19. Rxh3 $2 Nxf2 {[%mdl 64] Discovered Attack} 20. Nxf2 Bxh3 $19)) 18... Nxe3 $17 19. Rxe3 {[#]} Be5 $1 20. Rb3 $2 {[%mdl 8192] White does not recover from this.} (20. Rg3 $17 {is a better chance.}) 20... Qg5+ $19 21. Kf1 ({But not} 21. Ng4 Bxg4 22. Bxg4 f5 $19) 21... Qg2+ 22. Ke1 {If only White now had time for Rf3....} Qxh2 {aiming for ...Qg1+.} 23. Rf3 Bg3 24. Nxa7 $2 (24. Kd2 Bxf2 25. Qh1) 24... Rb4 {Black is clearly winning.} 25. Qd3 {[#]} (25. Nxc8 $142 Rxc8 26. Bd3) 25... Rd4 $1 26. Rxg3 (26. Nxc8 Qh1+) 26... Rxd3 27. Rxd3 Qg1+ 28. Bf1 Ba6 29. Rbd1 (29. Nxh3 $142 Qxf1+ 30. Kxf1 Bxd3+ 31. Kf2 Bxb1 32. Nb5) 29... h2 {Strongly threatening ...Re8.} 30. Nc6 Bxd3 31. Rxd3 h1=Q 32. Nxh1 Qxh1 33. e5 Qh4+ 34. Kd1 dxe5 {Weighted Error Value: White=1.60/Black=0.59} 0-1

[Event "XV Closed IM BCC 2021"]
[Site "Barcelona"]
[Date "2021.05.05"]
[Round "3.5"]
[White "Garcia Ramos, Daniel"]
[Black "Hernandez, Cristian Andres"]
[Result "1-0"]
[WhiteElo "2436"]
[BlackElo "2357"]
[Annotator "TA"]
[PlyCount "99"]
[EventDate "2021.05.03"]
[EventType "tourn"]
[EventCountry "ESP"]
[SourceTitle "playchess.com"]
[Source "ChessBase"]
[SourceQuality "1"]

{[%evp 17,99,0,9,-4,12,12,11,0,0,0,0,0,0,0,10,2,16,0,8,10,18,14,12,18,15,0,7,0,27,0,29,0,0,0,0,0,0,0,0,-30,0,0,0,-3,-2,-10,107,111,180,187,191,186,292,289,266,268,857,841,855,848,5589,829,1287,901,883,859,789,703,5603,5365,29968,12845,1399,1332,1087,1087,737,1021,1027,1022,912,905,29968,12682]} 1. e4 e5 2. Nf3 Nc6 3. Bc4 Bc5 4. c3 Nf6 5. d3 d6 6. O-O a6 7. Bb3 O-O 8. Nbd2 h6 9. Nc4 Ba7 10. Ne3 {C54: Giuoco Piano: 4 c3 Nf6, main lines with 5 d4 and 5 d3.} Be6 11. Re1 Re8 12. h3 {The position is equal.} Bxb3 13. Qxb3 Bxe3 14. Bxe3 Rb8 15. Rad1 Qd7 {[#]} 16. c4 $146 ({Predecessor:} 16. Bc1 Qe6 17. Qa4 d5 18. exd5 Qxd5 19. Qh4 Re6 20. a3 Rd8 21. c4 Qd7 22. Be3 Rd6 23. c5 {½-½ (23) Van den Heever,D (2260)-Bhawoodien,M (2114) Cape Town 2017}) 16... Nd8 17. Qc3 c5 18. b4 cxb4 19. Qxb4 b5 20. cxb5 axb5 21. Qb2 Nc6 22. d4 Qb7 ({But not} 22... Nxe4 $6 23. dxe5 d5 24. Bxh6 $1 $16) 23. dxe5 dxe5 24. Bc5 Ra8 25. Rd3 Ra4 26. Rb3 Nxe4 27. Rxb5 Qa8 28. Re2 Rc4 29. Rc2 Qa4 30. Rxc4 Qxc4 31. Be3 {[%cal Rf3e5]} Nd4 (31... Rd8 $11 {keeps the balance.} 32. Qb3 Qxb3 33. axb3 f6) 32. Rxe5 {White leaves nothing to chance now.} ({Of course not} 32. Bxd4 $6 exd4 33. Nxd4 Nc3 $11) 32... Rxe5 (32... Nxf3+ $16 33. gxf3 Rxe5 34. Qxe5 Nc3) 33. Nxe5 $18 Ne2+ {[#]} 34. Kh2 $1 Qa6 (34... Qd5 {was called for.} 35. Qxe2 Qxe5+ 36. g3 Qa5) 35. Qb8+ Kh7 36. Nxf7 Qxa2 $2 (36... Qe6 37. Qe5 Qxe5+ 38. Nxe5 N2c3) 37. Qh8+ Kg6 38. Ne5+ Kf6 39. Ng4+ (39. Qe8 $142 g5 40. Ng4+ {[%mdl 64] Discovered Attack} Kg7 41. Qxe4) 39... Kf7 40. Nxh6+ gxh6 41. Qh7+ {[%mdl 64] Double Attack} Kf6 42. Qxe4 h5 43. h4 Qb2 44. Bg5+ Kf7 45. Qh7+ Ke6 46. Qe7+ Kd5 47. Qd7+ Kc4 48. Qc6+ Kd3 49. Qd5+ Qd4 50. Qf3+ {[%mdl 64] Double Attack.  Weighted Error Value: White=0.12/Black=0.53} 1-0

[Event "XV Closed IM BCC 2021"]
[Site "Barcelona"]
[Date "2021.05.06"]
[Round "4.1"]
[White "Nottola, Adrien"]
[Black "Hernandez, Cristian Andres"]
[Result "0-1"]
[WhiteElo "2101"]
[BlackElo "2357"]
[Annotator "TA"]
[PlyCount "46"]
[EventDate "2021.05.03"]
[EventType "tourn"]
[EventCountry "ESP"]
[SourceTitle "playchess.com"]
[Source "ChessBase"]
[SourceQuality "1"]

{[%evp 12,46,7,0,0,0,15,0,-13,-34,-34,-58,-65,-75,-59,-72,-87,-144,-127,-129,-135,-120,-136,-141,-135,-169,-164,-274,-267,-278,-270,-376,-397,-788,-788,-2076,-2048]} 1. e4 c5 2. Nf3 Nc6 3. d4 cxd4 4. Nxd4 e5 5. Nb3 Nf6 6. Bg5 Be7 7. Nc3 d6 {B32: Sicilian: Löwenthal and Kalashnikov Variations.} 8. Qd2 Be6 9. h4 {[#]} a5 $146 {The position is equal.} ({Predecessor:} 9... a6 10. O-O-O Rc8 11. Kb1 Na5 12. Bxf6 gxf6 13. Nd5 Nxb3 14. axb3 h5 15. Be2 f5 16. exf5 Bxf5 {1-0 (31) Shalagin,V (2042)-Timirev,S (1613) St Petersburg 2019}) 10. Bb5 O-O 11. O-O-O a4 $1 {[%cal Ra4b3]} 12. Bxa4 {[#]} Nxe4 $1 {[%mdl 64] Discovered Attack} 13. Nxe4 Rxa4 {[%mdl 64] Double Attack} 14. Bxe7 (14. Nc3 $142 Bxb3 15. Bxe7 Qxe7 16. Nxa4 Bxa4 17. b3) 14... Qxe7 $17 15. Nc3 Rxh4 16. Rxh4 Qxh4 17. g3 Qf6 18. Ne4 {[#]} Qg6 {[%cal Rg6e4]} 19. Re1 (19. Nxd6 {was necessary.} Bg4 20. f3 Bxf3 21. Rf1 Qxg3 22. Nxb7) 19... Bxb3 $19 20. axb3 {[#]} Nd4 $1 21. Qc3 Ra8 22. Kb1 $2 (22. f4) 22... d5 {aiming for ...Qa6.} 23. Nd2 Qa6 {[%csl Ga8][%cal Ra6a1] White got outplayed after the opening.  Weighted Error Value: White=0.87/Black=0.01} 0-1

[Event "XV Closed IM BCC 2021"]
[Site "Barcelona"]
[Date "2021.05.06"]
[Round "4.2"]
[White "Valenzuela Gomez, Fernando"]
[Black "Garcia Ramos, Daniel"]
[Result "0-1"]
[WhiteElo "2382"]
[BlackElo "2436"]
[Annotator "TA"]
[PlyCount "62"]
[EventDate "2021.05.03"]
[EventType "tourn"]
[EventCountry "ESP"]
[SourceTitle "playchess.com"]
[Source "ChessBase"]
[SourceQuality "1"]

{[%evp 14,62,22,12,12,9,4,9,10,14,2,0,-2,0,35,27,20,32,31,33,14,35,14,24,26,18,15,18,15,14,14,8,20,19,26,27,46,0,0,-10,0,0,0,0,0,-181,-161,-300,-300,-444,-423]} 1. e4 e5 2. Nf3 Nc6 3. Bc4 Bc5 4. c3 Nf6 5. d3 d6 6. O-O h6 7. Re1 O-O 8. h3 a5 $1 {[%mdl 4] now scores much better than the old 8...a6. C54: Giuoco Piano: 4 c3 Nf6, main lines with 5 d4 and 5 d3.} 9. Nbd2 Be6 10. Bb5 Qb8 {The position is equal.} 11. Nf1 Qa7 12. d4 exd4 13. Bxc6 {[%cal Rc3d4]} bxc6 (13... dxc3 $5 {[%cal Rc5f2]} 14. Ba4 Bxf2+ 15. Kh2 Bxe1 16. Qxe1 d5 $15) 14. cxd4 Bb4 {[#]} 15. Re2 $146 {[#] Threatens to win with a3.} ({Predecessor:} 15. Re3 d5 16. a3 Be7 17. Ne5 Qa6 18. exd5 cxd5 19. Ng3 c5 20. Re1 Rab8 21. dxc5 Bxc5 {½-½ (55) Van Foreest,J (2601)-Gozzoli,Y (2622) Brest 2019}) 15... a4 16. a3 Bb3 17. Qd3 Ba5 18. e5 dxe5 19. Rxe5 Rfe8 20. Ng3 Qa6 21. Qxa6 Rxa6 22. Bxh6 Rxe5 ({But not} 22... gxh6 $6 {[#]} 23. Ne4 $1 $16 {[%mdl 512]}) 23. dxe5 gxh6 24. exf6 Bd5 25. Ne5 Rb6 26. Nf5 Kh7 27. Ne3 Rxb2 {...Bc3 is the strong threat.} 28. N5c4 ({Much worse is} 28. Nxd5 cxd5 29. Rd1 Rd2 $17) 28... Rb5 29. Rd1 $2 (29. Nxa5 $11 {and White has nothing to worry.} Rxa5 30. Rc1) 29... Bc3 $19 30. Nxd5 (30. Kf1 $142) 30... cxd5 {[%cal Bc6d5,Bd5d4][%mdl 32]} 31. Ne3 (31. Rd3 $142 Bxf6 32. Nd2) 31... d4 {Weighted Error Value: White=0.29/Black=0.02} 0-1

[Event "XV Closed IM BCC 2021"]
[Site "Barcelona"]
[Date "2021.05.06"]
[Round "4.3"]
[White "Perez Mitjans, Orelvis"]
[Black "Alcala Gonzalez, Cesar"]
[Result "0-1"]
[WhiteElo "2412"]
[BlackElo "2110"]
[Annotator "TA"]
[PlyCount "101"]
[EventDate "2021.05.03"]
[EventType "tourn"]
[EventCountry "ESP"]
[SourceTitle "playchess.com"]
[Source "ChessBase"]
[SourceQuality "1"]

{[%evp 10,101,28,16,18,4,26,22,33,22,18,11,8,0,51,45,47,59,39,26,66,41,58,51,64,42,48,44,62,66,64,51,78,93,84,81,92,79,101,104,153,156,201,199,230,224,234,211,220,193,222,223,349,343,329,256,343,377,354,361,383,385,375,359,361,353,426,434,429,412,475,498,497,479,511,511,495,495,644,631,538,488,781,744,691,527,785,686,756,751,839,780,745,744]} 1. e4 c6 2. Nc3 d5 3. Nf3 Bg4 4. h3 Bxf3 5. Qxf3 e6 6. Be2 Nf6 {B11: Caro-Kann: Two Knights Variation.} 7. O-O Bc5 8. d3 Nbd7 {The position is equal.} 9. Qg3 {[#] e5 is the strong threat.} O-O {[#]} 10. e5 $146 (10. Bf4 {keeps more tension.} Ne8 11. Rae1 Bd4 12. Rb1 Qf6 13. a4) ({Predecessor:} 10. Bf4 Kh8 11. Rad1 Bd4 12. Bf3 Ng8 13. exd5 cxd5 14. Nb5 Bf6 15. c4 e5 16. Bc1 {1-0 (54) Sunilduth Lyna,N (2618)-Vaibhav,S (2600) Chess.com INT 2020}) 10... Ne8 11. Bg4 Kh8 ({Black should try} 11... Bd4 $11) 12. Ne2 $1 $14 f5 13. Bf3 Be7 14. d4 Nc7 15. Qf4 g5 16. Qd2 a5 17. Qd1 Qe8 18. Ng3 Qf7 19. c3 c5 20. Be2 cxd4 21. cxd4 {White stays focused until the end.} f4 {[#]} 22. Bh5 $1 Qg7 23. Ne2 Nb8 24. Qb3 b5 25. Bd2 Nd7 26. Rac1 Rfc8 27. Rc6 Nb8 28. Rc2 a4 29. Qd3 Nba6 30. Rfc1 Nb4 (30... Bb4 $142 31. Rc6 Qe7) 31. Bxb4 $18 Bxb4 32. Rc6 Qd7 33. Qc2 Ba5 34. Bg4 Re8 35. Rxc7 Bxc7 36. Qxc7 Qxc7 37. Rxc7 Rac8 38. Rb7 ({Not} 38. Rxc8 Rxc8 39. Bxe6 Rc2 $16) 38... Rc2 39. Rxb5 Kg7 40. a3 {White is clearly winning.} Rd2 41. Rb6 Re7 42. g3 fxg3 43. fxg3 Kf7 44. Kf2 Rd3 45. Ke1 Rb3 (45... h6 $142 46. Ra6 Re3) 46. Rxb3 axb3 47. Kd2 Kg6 48. Nc3 h5 49. Be2 h4 50. g4 Rf7 51. a4 {[%mdl 32768] Weighted Error Value: White=0.12/Black=0.28. Loss on time!?} 0-1

[Event "XV Closed IM BCC 2021"]
[Site "Barcelona"]
[Date "2021.05.06"]
[Round "4.4"]
[White "Girel, Joseph"]
[Black "Papadiamandis, Elliot"]
[Result "1/2-1/2"]
[WhiteElo "2310"]
[BlackElo "2292"]
[Annotator "TA"]
[PlyCount "92"]
[EventDate "2021.05.03"]
[EventType "tourn"]
[EventCountry "ESP"]
[SourceTitle "playchess.com"]
[Source "ChessBase"]
[SourceQuality "1"]

{[%evp 9,92,27,27,9,17,16,25,19,20,26,20,16,15,18,18,12,10,0,6,0,0,0,0,-4,8,0,0,0,26,0,0,0,-7,-27,-24,-16,-12,-56,-52,-104,-99,-107,-102,-112,-100,-100,-32,-76,-76,-79,-46,-43,-33,-38,-39,-120,-120,-120,-116,-117,-89,-116,0,-26,-3,-61,-53,-56,-54,-63,-52,-56,-52,-61,-61,-58,-49,-96,-98,-131,-161,-133,-6,-8,0]} 1. e4 c5 2. Nf3 d6 3. Bb5+ Nd7 4. O-O a6 5. Bd3 Ngf6 6. Re1 {B51: Sicilian: Moscow Variation (3 Bb5+) without 3...Bd7.} e6 7. c3 b5 8. a4 {White has an edge.} Bb7 9. Bc2 c4 10. d4 $1 {10.d4 is better than 10.axb5.} cxd3 11. Qxd3 Nc5 12. Qe2 bxa4 13. Be3 {And now Bxc5 would win.} Nfd7 14. Bxc5 Nxc5 15. Rxa4 Be7 16. Rd4 Qc7 17. e5 {aiming for exd6.} d5 18. Nbd2 {[#]} Bc6 $146 ({Predecessor:} 18... a5 19. Rg4 Ba6 20. Qe3 g6 21. Nd4 Rb8 22. b3 Nd7 23. Rg3 Rc8 24. Rf3 Bc5 {½-½ (63) Amin,B (2709)-Cheparinov,I (2711) Germany 2019}) 19. Qe3 a5 {[%cal Ba6a5,Ba5a4,Ba4a3][%mdl 32]} 20. b3 {[%cal Bb2b3,Bb3b4][%mdl 32]} a4 21. b4 Nd7 22. Rg4 g6 23. Nd4 a3 24. N2b3 {[#]} ({White should play} 24. N2f3 $15) 24... Ba4 $1 $17 25. Rg3 a2 {Strongly threatening ...Bxb3.} 26. Ra1 Bxb3 ({Of course not} 26... Nxe5 $6 27. Rxa2 Nc4 28. Qh6 $11) 27. Bxb3 Qxe5 (27... Nxe5 $17 28. Qe2 O-O 29. Bxa2 Bf6) 28. Rxa2 Rxa2 29. Bxa2 Qxe3 30. Rxe3 Nb6 31. Bb3 Kd7 32. Re2 (32. Kf1 $15) 32... Ra8 {( -> ...Ra1+)} 33. Ra2 Rxa2 34. Bxa2 {[%mdl 4096] Endgame KBN-KBN} Na4 35. Ne2 Nb6 (35... Bf6 $17 36. c4 d4) 36. Bb3 e5 37. f3 (37. f4 $11) 37... Bg5 $15 38. Kf2 Bd2 39. g4 f6 40. Kf1 Kd6 41. Kf2 Kc6 42. Kf1 Kb5 43. Kf2 Nc4 44. h3 Be3+ 45. Ke1 {[#]} Nb6 (45... d4 $1 $17 {...Bd2+ is the strong threat.} 46. Kd1 Nb2+ 47. Ke1 f5 48. gxf5 gxf5) 46. Kd1 Bg5 {Weighted Error Value: White=0.14/Black=0.14} 1/2-1/2

[Event "XV Closed IM BCC 2021"]
[Site "Barcelona"]
[Date "2021.05.06"]
[Round "4.5"]
[White "Saya, Ethan"]
[Black "Lucas, Arthur"]
[Result "1-0"]
[WhiteElo "2230"]
[BlackElo "2310"]
[Annotator "TA"]
[PlyCount "113"]
[EventDate "2021.05.03"]
[EventType "tourn"]
[EventCountry "ESP"]
[SourceTitle "playchess.com"]
[Source "ChessBase"]
[SourceQuality "1"]

{[%evp 15,113,35,35,15,10,19,20,12,28,14,22,22,27,16,15,6,25,25,18,26,13,25,21,0,0,0,0,-12,0,0,0,-13,0,-20,37,24,26,29,28,22,22,20,54,38,59,51,116,60,66,91,304,286,763,497,603,595,649,690,688,663,653,693,693,681,648,657,5706,924,1286,1325,1478,1448,1495,1251,1004,0,1486,1460,29983,29984,29983,2679,2478,1785,29982,29983,29982,29979,29983,29984,29982,29982,29982,29983,29986,29974,29974,5497,5218,5177]} 1. d4 f5 2. c4 Nf6 3. g3 g6 4. Bg2 Bg7 5. Nf3 O-O 6. O-O d6 7. Nc3 c6 8. Rb1 a5 9. d5 {A88: Dutch Defence: Leningrad System: 5 Nf3 0-0 6 0-0 d6 7 Nc3 c6.} e5 10. dxe6 Bxe6 11. b3 {The position is equal.} Na6 12. e3 Qc7 13. Bb2 Rad8 {[#]} 14. Qe2 $146 ({Predecessor:} 14. Ng5 Bc8 15. Qc2 Qe7 16. Rbd1 Nc5 17. Nf3 Nfe4 18. Nd4 Bd7 19. a3 Be8 20. h4 {½-½ (29) Brasier,J (2427)-Sikorsky,R (2423) ICCF email 2017}) 14... Nc5 15. Rfd1 h6 16. Nd4 Bf7 17. Rbc1 Rfe8 18. Qc2 Qe7 19. a3 Ng4 20. Nf3 g5 21. b4 axb4 22. axb4 Ne4 23. Nxe4 {Hoping for Nc3.} fxe4 24. Nd2 (24. Nd4 {looks sharper.} Bg6 25. Bh3 Ne5 26. Ne6 Nf3+ 27. Kh1) 24... Bg6 (24... Bxb2 $11 25. Qxb2 d5) 25. Bxg7 Kxg7 26. h3 Nf6 27. Qc3 Kh7 28. Ra1 Rf8 29. Ra7 Rf7 30. Nb3 Qe6 {[#]} (30... Rd7 $14) 31. Rd2 (31. Nc5 $1 $16 {[%cal Rc5e6][%mdl 512]} Qc8 32. Qd4 $1) 31... Rdf8 32. Na5 {White stays focused until the end.} Qc8 (32... Rb8 $16) 33. Rxd6 $18 Qb8 $2 (33... Bf5 34. g4 Ne8) 34. Qd4 c5 35. Qxc5 Ne8 {[#]} 36. Rxg6 Kxg6 37. Bxe4+ Kg7 38. Rxb7 Rxb7 39. Nxb7 Nf6 40. Bg2 Rc8 41. Qd4 (41. Qe7+ $142 Kg6 42. Bf1 Qxb7 43. Bd3+ Qe4 44. Bxe4+ Nxe4 45. Qe6+ {[%mdl 64] Double Attack} Kg7 46. Qxc8) 41... Rc7 42. Nd6 Rd7 43. c5 Kg6 44. Qd3+ Kg7 45. Qd4 Kg6 $1 46. Be4+ Nxe4 47. Qxe4+ {[%mdl 4096] Endgame KQR-KQN} Kf6 48. Qc6 (48. Qf5+ $142 Ke7 49. Qe5+ Kd8 50. b5 Re7 51. Qh8+ {[%mdl 64] Double Attack} Kc7 52. b6+ Kc6 53. Qxb8) 48... Ke7 49. b5 {[%cal Bb4b5,Bb5b6][%mdl 32]} Rc7 50. Qe4+ Kf8 51. Qf5+ Kg8 52. b6 Re7 53. Qc8+ Qxc8 54. Nxc8 Rb7 55. Nd6 Rb8 56. c6 (56. b7 $142 Kf8 57. c6 Ke7 {[#]} 58. c7 $1 Rxb7 59. c8=Q $1 Rb1+ 60. Kg2 Kxd6 61. Qf8+ Ke6 62. Qxh6+ Kd5 63. Qxg5+ Kc4 64. h4) 56... Rxb6 {[#]} 57. c7 $1 {Weighted Error Value: White=0.16/Black=0.33} 1-0